<?xml version="1.0" encoding="UTF-8"?>
<record
    xmlns:xsi="http://www.w3.org/2001/XMLSchema-instance"
    xsi:schemaLocation="http://www.loc.gov/MARC21/slim http://www.loc.gov/standards/marcxml/schema/MARC21slim.xsd"
    xmlns="http://www.loc.gov/MARC21/slim">

  <leader>02013cam a2200517   4500</leader>
  <datafield tag="999" ind1=" " ind2=" ">
    <subfield code="c">24172</subfield>
    <subfield code="d">24172</subfield>
  </datafield>
  <controlfield tag="001">vtls012150649</controlfield>
  <controlfield tag="005">20260506100838.0</controlfield>
  <controlfield tag="008">221003s2022    xo oc  g      000 f slo  </controlfield>
  <datafield tag="020" ind1=" " ind2=" ">
    <subfield code="a">9788055185149</subfield>
    <subfield code="q">(viazan&#xE9;)</subfield>
  </datafield>
  <datafield tag="040" ind1=" " ind2=" ">
    <subfield code="a">TTKJF</subfield>
    <subfield code="b">slo</subfield>
    <subfield code="c">TTKJF</subfield>
    <subfield code="d">SNK</subfield>
    <subfield code="e">rda</subfield>
  </datafield>
  <datafield tag="041" ind1="1" ind2=" ">
    <subfield code="a">slo</subfield>
    <subfield code="h">cze</subfield>
  </datafield>
  <datafield tag="044" ind1=" " ind2=" ">
    <subfield code="a">xo</subfield>
    <subfield code="c">SK</subfield>
  </datafield>
  <datafield tag="072" ind1=" " ind2="7">
    <subfield code="a">821.162.4-3</subfield>
    <subfield code="x">Slovensk&#xE1; pr&#xF3;za</subfield>
    <subfield code="2">konspekt</subfield>
  </datafield>
  <datafield tag="080" ind1=" " ind2=" ">
    <subfield code="a">821.162.4-32</subfield>
    <subfield code="2">2011</subfield>
  </datafield>
  <datafield tag="080" ind1=" " ind2=" ">
    <subfield code="a">(=411.16)</subfield>
    <subfield code="2">2011</subfield>
  </datafield>
  <datafield tag="080" ind1=" " ind2=" ">
    <subfield code="a">323.12"1939/1945"</subfield>
    <subfield code="2">2011</subfield>
  </datafield>
  <datafield tag="080" ind1=" " ind2=" ">
    <subfield code="a">94(100)"1939/1945"</subfield>
    <subfield code="2">2011</subfield>
  </datafield>
  <datafield tag="100" ind1="1" ind2=" ">
    <subfield code="a">Grosman, Ladislav,</subfield>
    <subfield code="d">1921-1981</subfield>
    <subfield code="4">aut</subfield>
    <subfield code="9">5509</subfield>
  </datafield>
  <datafield tag="240" ind1="1" ind2="0">
    <subfield code="a">Spisy Ladislava Grosmana</subfield>
    <subfield code="l">Slovensky</subfield>
  </datafield>
  <datafield tag="245" ind1="1" ind2="0">
    <subfield code="a">Obchod na korze</subfield>
    <subfield code="c">Ladislav Grosman ; z &#x10D;esk&#xE9;ho origin&#xE1;lu ... prelo&#x17E;ila Marta Hlu&#x161;&#xED;kov&#xE1; ; predslov nap&#xED;sal George Grosman ; doslov nap&#xED;sala Michala L&#xF4;n&#x10D;&#xED;kov&#xE1;</subfield>
  </datafield>
  <datafield tag="264" ind1=" " ind2="1">
    <subfield code="a">Bratislava</subfield>
    <subfield code="b">Ikar</subfield>
    <subfield code="c">2022</subfield>
  </datafield>
  <datafield tag="300" ind1=" " ind2=" ">
    <subfield code="a">165 str&#xE1;n</subfield>
    <subfield code="b">fotografie, portr&#xE9;ty</subfield>
    <subfield code="c">21 cm</subfield>
  </datafield>
  <datafield tag="336" ind1=" " ind2=" ">
    <subfield code="a">text</subfield>
    <subfield code="b">txt</subfield>
    <subfield code="2">rdacontent</subfield>
  </datafield>
  <datafield tag="337" ind1=" " ind2=" ">
    <subfield code="a">bez m&#xE9;dia</subfield>
    <subfield code="b">n</subfield>
    <subfield code="2">rdamedia</subfield>
  </datafield>
  <datafield tag="338" ind1=" " ind2=" ">
    <subfield code="a">zv&#xE4;zok</subfield>
    <subfield code="b">nc</subfield>
    <subfield code="2">rdacarrier</subfield>
  </datafield>
  <datafield tag="500" ind1=" " ind2=" ">
    <subfield code="a">Prelo&#x17E;en&#xE9; z &#x10D;e&#x161;tiny</subfield>
  </datafield>
  <datafield tag="500" ind1=" " ind2=" ">
    <subfield code="a">Na obale uveden&#xE9;: Predloha oscarov&#xE9;ho filmu prv&#xFD;kr&#xE1;t v sloven&#x10D;ine</subfield>
  </datafield>
  <datafield tag="650" ind1="0" ind2="7">
    <subfield code="a">&#x17D;idia</subfield>
    <subfield code="2">SNKPH</subfield>
    <subfield code="9">1732</subfield>
  </datafield>
  <datafield tag="650" ind1="0" ind2="7">
    <subfield code="a">holokaust (1939-1945)</subfield>
    <subfield code="2">SNKPH</subfield>
    <subfield code="9">1733</subfield>
  </datafield>
  <datafield tag="650" ind1="0" ind2="7">
    <subfield code="a">druh&#xE1; svetov&#xE1; vojna (1939-1945)</subfield>
    <subfield code="2">SNKPH</subfield>
    <subfield code="9">1735</subfield>
  </datafield>
  <datafield tag="650" ind1="0" ind2="7">
    <subfield code="a">Jews</subfield>
    <subfield code="2">SNKPHeng</subfield>
    <subfield code="9">1737</subfield>
  </datafield>
  <datafield tag="650" ind1="0" ind2="7">
    <subfield code="a">Holocaust (1939-1945)</subfield>
    <subfield code="2">SNKPHeng</subfield>
    <subfield code="9">1738</subfield>
  </datafield>
  <datafield tag="650" ind1="0" ind2="7">
    <subfield code="a">World War (1939-1945)</subfield>
    <subfield code="2">SNKPHeng</subfield>
    <subfield code="9">1740</subfield>
  </datafield>
  <datafield tag="651" ind1=" " ind2="7">
    <subfield code="a">Slovensko</subfield>
    <subfield code="2">SNKPHgeo</subfield>
    <subfield code="9">1613</subfield>
  </datafield>
  <datafield tag="651" ind1=" " ind2="7">
    <subfield code="a">Slovakia</subfield>
    <subfield code="2">SNKPHeng</subfield>
    <subfield code="9">1614</subfield>
  </datafield>
  <datafield tag="655" ind1=" " ind2="7">
    <subfield code="a">slovensk&#xE9; novely</subfield>
    <subfield code="2">SNKPH</subfield>
    <subfield code="9">4041</subfield>
  </datafield>
  <datafield tag="655" ind1=" " ind2="7">
    <subfield code="a">Slovak novellas</subfield>
    <subfield code="2">SNKPHeng</subfield>
    <subfield code="9">4124</subfield>
  </datafield>
  <datafield tag="700" ind1="1" ind2=" ">
    <subfield code="a">Hlu&#x161;&#xED;kov&#xE1;, Marta,</subfield>
    <subfield code="d">1952-</subfield>
    <subfield code="4">trl</subfield>
    <subfield code="9">2159</subfield>
  </datafield>
  <datafield tag="700" ind1="1" ind2=" ">
    <subfield code="a">L&#xF4;n&#x10D;&#xED;kov&#xE1;, Michala,</subfield>
    <subfield code="d">1988-</subfield>
    <subfield code="4">aft</subfield>
    <subfield code="9">5510</subfield>
  </datafield>
  <datafield tag="700" ind1="1" ind2=" ">
    <subfield code="a">Grosman, George,</subfield>
    <subfield code="d">1953-</subfield>
    <subfield code="4">aui</subfield>
    <subfield code="9">5511</subfield>
  </datafield>
  <datafield tag="711" ind1="2" ind2=" ">
    <subfield code="a">Najkraj&#x161;ie knihy Slovenska</subfield>
    <subfield code="n">(XXXI. (59.) :</subfield>
    <subfield code="d">2022</subfield>
    <subfield code="c">Bratislava, Slovensko).</subfield>
    <subfield code="e">Kateg&#xF3;ria: Kr&#xE1;sna literat&#xFA;ra</subfield>
    <subfield code="9">5512</subfield>
  </datafield>
  <datafield tag="958" ind1=" " ind2=" ">
    <subfield code="a">LX</subfield>
  </datafield>
  <datafield tag="958" ind1=" " ind2=" ">
    <subfield code="a">UP</subfield>
  </datafield>
  <datafield tag="958" ind1=" " ind2=" ">
    <subfield code="a">ZD</subfield>
  </datafield>
  <datafield tag="952" ind1=" " ind2=" ">
    <subfield code="0">0</subfield>
    <subfield code="1">0</subfield>
    <subfield code="2">udc</subfield>
    <subfield code="4">0</subfield>
    <subfield code="7">0</subfield>
    <subfield code="8">K</subfield>
    <subfield code="a">10000</subfield>
    <subfield code="b">10000</subfield>
    <subfield code="d">2026-05-06</subfield>
    <subfield code="g">2.90</subfield>
    <subfield code="i">22539</subfield>
    <subfield code="o">B11055</subfield>
    <subfield code="p">B11055</subfield>
    <subfield code="r">2026-05-06</subfield>
    <subfield code="w">2026-05-06</subfield>
    <subfield code="y">KLDO</subfield>
  </datafield>
</record>
